Možnosti hodnotenia podnikateľského prostredia a konkurencieschopnosti krajín

Skúmanie možností hodnotenia kvality podnikateľského prostredia a konkurencieschopnosti krajín na príklade Slovenska.

Salvato in:
Dettagli Bibliografici
Autore principale: Kalusová, Lenka, 1987-
Altri autori: Badura, Peter, 1978-
Natura: Capitolo di libro
Lingua:slovacco
Soggetti:
Tags: Aggiungi Tag
Nessun Tag, puoi essere il primo ad aggiungerne!!

MARC

LEADER 00000naa$a2200000$$$4500
001 0250722
005 20240502074023.7
041 0 |a slo 
044 |a SK 
245 1 0 |a Možnosti hodnotenia podnikateľského prostredia a konkurencieschopnosti krajín  |c Lenka Kalusová, Peter Badura 
520 |a Skúmanie možností hodnotenia kvality podnikateľského prostredia a konkurencieschopnosti krajín na príklade Slovenska. 
610 2 0 |a kvalita 
610 2 0 |a prostredie podnikateľské 
610 2 0 |a Slovensko 
610 2 0 |a konkurencieschopnosť 
100 1 |a Kalusová, Lenka, 1987- 
700 1 |a Badura, Peter, 1978-